Son nefeste son savunma (Record no. 1633)

MARC details
000 -BAŞLIK
Sabit Uzunlukta Kontrol Alanı 00838na a2200265 4500
001 - KONTROL NUMARASI
Denetim Alanı 15027
003 - KONTROL NUMARASI IDENTIFIER
Denetim Alanı MIRAKIL
005 - SON İŞLEM TARİHİ VE ZAMANI
Denetim Alanı 20181213154829.0
008 - SABİT-BOY VERİ ELEMANLARI - GENEL BİLGİLER
Sabit Uzunlukta Kontrol Alanı 161020b tu 000 0
020 ## - ULUSLARARASI STANDART KİTAP NUMARASI
Uluslararası Standart Kitap Numarası 9786055646462
040 ## - KATALOGLAMA KAYNAK
Orijinal Kataloglama Ajansı Milas
Kataloglama Dili tur
Metne Dönüştürmek Ajansı TR-AnCHP
041 ## - DİL KODU
Metin / Ses Parça Veya Ayrı Başlığın Dil Kodu tur
082 ## - DEWEY ONLU SINIFLANDIRMA NUMARASI
Sınıflandırma Numarası 923.7 Saylan,T.
Ürün Numarası S29s 2011
090 ## - SINIFLAMA NUMARASI
Sınıflama Numarası 923.7 Saylan,T. S29s 2011
100 ## - ANA GİRİŞ - KİŞİSEL İSİM
Kişisel Ad Saylan,Türkan
245 ## - BAŞLIK TABLOSU
Başlık Son nefeste son savunma
Sorumluluk Tablosu, Vb Türkan Saylan, Hüseyin Karataş; editör Murat Aydın Doma
260 ## - YAYIN, DAĞITIM, VB
Yayın, Dağıtım, Vb Yeri İstanbul
Yayıncı, Dağıtıcı, Vs Adı Siyah Beyaz Aletya Kütüphanesi
Yayın, Dağıtım, Vb Tarihi 1996
300 ## - FİZİKSEL TANIM
Kapsam 39 s.
Diğer Fiziksel Ayrıntıları res.
Boyutlar 19 sm.
600 ## - KONU KATMA GİRİŞ - KURUMSAL ADI
Kişisel Ad Saylan,Türkan
Bir Adıyla İlişkilendirilen Tarihler 1935 - 2009
Genel Alt Bölümü Suçlamalar ve savunmalar
650 ## - KONU KATMA GİRİŞ - TOPİKAL DÖNEM
Topikal Süreli Veya Coğrafi Ad Giriş Elemanı Siyasal suçlar
Genel Alt Bölümü Savunmalar
651 ## - KONU KATMA GİRİŞ - COĞRAFİ ADI
Coğrafi İsim Türkiye
Genel Alt Bölümü Politika ve hükümet
700 ## - KATMA GİRİŞ - KİŞİSEL İSİM
Kişisel Ad Doma, Murat Aydın
700 ## - KATMA GİRİŞ - KİŞİSEL İSİM
Kişisel Ad Karataş, Hüseyin
942 ## - EKLENDİ GİRİŞ ELEMANLARI (KOHA)
Sınıflandırma Veya Raf Düzeni Kaynak Dewey Decimal Classification
Koha Öğesi Türü Books
999 ## - SİSTEM KONTROL NUMARALARI (KOHA)
Koha Biblionumber 1633
Koha Biblioitemnumber 1633
Holdings
Kalıcı Konum Mevcut Konum Edinme Tarihi Edinim Kaynak Toplam Check-Out'Lar Tam Çağrı Numarası Barkod Tarih Son Görülme İtibaren Geçerli Fiyatlar Koha Öğesi Türü
CHP Kütüphanesi CHP Kütüphanesi 09/03/2016 Bağış   923.7 Saylan,T. S29s 2011 003233 09/03/2016 09/03/2016 Books